| 000 | 00797nam a22002417a 4500 | ||
|---|---|---|---|
| 003 | OSt | ||
| 005 | 20140310182518.0 | ||
| 008 | 130810t xxu||||| |||| 00| 0 eng d | ||
| 020 | _a9780323066983 | ||
| 050 |
_aRJ 51.R3 _b.W37 2011 |
||
| 245 |
_aCase review : _bpediatric imaging / |
||
| 260 |
_aUSA : _bMosby/Elsevier, _cc2011. |
||
| 300 |
_a398 p. : _bill. ; _c28 cm. |
||
| 500 | _aIncludes bibliographical references and index. | ||
| 650 |
_aDiagnostic Imaging _xmethods _xcase reports. _99278 |
||
| 650 |
_aDiagnostic Imaging _xmethods _xproblems and exercises. _99279 |
||
| 650 |
_aChild. _97925 |
||
| 650 |
_aInfant. _97926 |
||
| 650 |
_aPediatrics _xmethods _xcase reports. _99280 |
||
| 650 |
_aPediatrics _xmethods _xproblems and exercises. _99281 |
||
| 942 |
_2lcc _cSSLC |
||
| 999 |
_c13994 _d13994 |
||